Monitor stavu hospodárstva Slovenskej republiky za...1994

Uložené v:
Podrobná bibliografia
Médium: Seriál
Jazyk:Slovak
Vydavateľské údaje: Bratislava Štatistický úrad Slovenskej republiky 1994
Predmet:
Tagy: Pridať tag
Žiadne tagy, Buďte prvý, kto otaguje tento záznam!

MARC

LEADER 00000nas2a2200000 4500
001 s018036
005 20240109095940.1
041 0 |a slo 
044 |a SK 
245 1 0 |a Monitor stavu hospodárstva Slovenskej republiky za...1994 
264 1 |a Bratislava  |b Štatistický úrad Slovenskej republiky  |c 1994 
300 |a 1 zv. 
773 0 |w eu_un_cat*s120067 
610 2 0 |a hospodárstvo národné 
610 2 0 |a Slovensko 
610 2 0 |a ukazovatele štatistické